Heineken Cup Champions - Statistics

General Stats
  • This quiz has been taken 509 times
  • The average score is 10 of 18
Answer Stats
Hint Answer % Correct
2008-09 Leinster
72%
2010-11 Leinster
72%
2011-12 Leinster
72%
2005-06 Munster
67%
2007-08 Munster
67%
1995-96 Toulouse
67%
2002-03 Toulouse
67%
2004-05 Toulouse
67%
2009-10 Toulouse
67%
2012-13 Toulon
61%
2000-01 Leicester Tigers
60%
2001-02 Leicester Tigers
60%
2003-04 London Wasps
49%
2006-07 London Wasps
49%
1998-99 Ulster
47%
1997-98 Bath
40%
1996-97 Brive
29%
1999-2000 Northampton Saints
14%
No matching quizzes found
Score Distribution
Percent of People with Each Score
Percentile by Number Answered
Your Score History
You have not taken this quiz